000 00990cad a22002055a 4500
001 E151575
008 101122s2010 xxk f 000 0 eng d
035 _a(Sirsi) u151575
041 0 _aeng
110 2 _aGVA Grimley
_93646
245 0 0 _aSilk purse or sow's ear?
_bachieving value from the public sector estate
_h[electronic resource]
260 _aLondon
_bGVA Grimley
_c2010
490 0 _aGVA Grimley Property Intelligence
_vWinter 2010
520 _aThe government is planning £81bn of cuts to public spending over the next four years. This publication looks at whether this aim is achievable and discusses how it might be implemented. Considers the implications for public sector holdings.
590 _aKA NTK
651 4 _aEngland and Wales
_y1543-
690 _aBlock management
_96220
856 4 0 _uhttps://www.gvagrimley.co.uk/documents/research/07184%20Research%20CSR%20Thought%20Leadership%20Report.pdf
_zView the report free of charge at www.gvagrimley.co.uk
942 _n0
999 _c111457
_d111457